Les villes de France de plus de 100 000 habitants - Statistiques

Statistiques générales
  • Ce quiz a été pris 143 fois
  • Le résultat moyen est 27 sur 36
Statistiques - réponses
Région Nombre d'habitant Réponse % Correct
PACA 826 700 Marseille
100%
Ile de France 2 166 200 Paris
100%
Nouvelle Aquitaine 229 500 Bordeaux
98%
Auvergne Rhone Alpes 467 400 Lyon
98%
Hauts de France 224 900 Lille
98%
PACA 346 900 Nice
98%
Occitanie 437 100 Toulouse
98%
Grand Est 272 500 Strasbourg
97%
Pays de la Loire 281 800 Nantes
95%
Bretagne 210 500 Rennes
94%
Bretagne 145 200 Brest
90%
Bourgogne Franche Comté 153 151 Dijon
88%
Occitanie 244 300 Montpellier
88%
Auvergne Rhone Alpes 155 100 Grenoble
85%
Normandie 183 900 Le Havre
80%
PACA 167 400 Toulon
80%
Grand Est 124 200 Metz
79%
Grand Est 184 400 Reims
78%
Auvergne Rhone Alpes 175 700 Saint Etienne
77%
Normandie 114 007 Caen
76%
Grand Est 106 300 Nancy
75%
Auvergne Rhone Alpes 139 300 Clermont Ferrand
74%
Centre Val de Loire 113 237 Orleans
74%
Pays de la Loire 152 700 Angers
73%
Normandie 114 000 Rouen
73%
Centre Val de Loire 136 400 Tours
73%
Occitanie 144 000 Nimes
69%
Hauts de France 136 000 Amiens
64%
Pays de la Loire 144 500 Le Mans
58%
Nouvelle Aquitaine 137 502 Limoges
57%
Auvergne Rhone Alpes 134 500 Villeurbanne
55%
Bourgogne Franche Comté 116 100 Besancon
44%
PACA 141 200 Aix en Provence
42%
Ile de France 100 600 Montreuil
34%
Ile de France 116 703 Nanterre
32%
Ile de France 109 400 Boulogne Billancourt
30%
Aucun quiz correspondant
Distribution des résultats
% des personnes avec chaque résultat
Percentile par nombre de réponses
Votre historique - résultats
Vous n’avez pas pris ce quiz